000 00589nas a22001817a 4500
008 120615t19939999ag ||||| |||| 00| 0 spa d
022 _a03279286
245 _aActa Toxicologica Argentina
260 _aBuenos Aires :
_bAsociación Toxicológica Argentina,
_c1993
300 _av.
310 _asem
546 _aTexto en español
590 _aExistencias: 1993 1(1,2); 1996 4(2)
590 _aIndexada en: SciELO Argentina y Chemical Abstract
650 _aTOXICOLOGIA-Argentina
_91727
856 _uhttp://www.ataonline.org.ar/bibliotecavirtual/acta_toxi_arg.htm
942 _2ddc
_cCR
999 _c1047
_d1047